| 000 | 00809nam a22002537a 4500 | ||
|---|---|---|---|
| 003 | DO-SdBNP | ||
| 005 | 20250401135741.0 | ||
| 007 | ta | ||
| 008 | 110301s2022 dr ac 001 0 spa d | ||
| 020 | _a9789945221893 | ||
| 040 |
_aDO-SdBNP _bspa _cBNPHU |
||
| 082 | 4 |
_aRD864.44 _bC436r _222 |
|
| 100 | 1 |
_aChaljub Mejía, Rafael _d1942- _918985 |
|
| 245 | 1 | 0 |
_aRelatos inocentes / _cRafael Chaljub Mejía |
| 260 |
_aSanto Domingo : _bBúho, _c2022. |
||
| 300 |
_a251 p. : _bil., retrs., _c23 cm. |
||
| 500 | _aIncluye datos biográficos del autor en la solapa de la cubierta | ||
| 500 | _aIncluye índice onomástico. | ||
| 590 | _aInventariado, 2022/ YL | ||
| 650 | 4 | _aEnsayos dominicanos | |
| 650 | 4 | _aLiteratura dominicana | |
| 910 | _aYLockward/Validado. Control de calidad MFF | ||
| 942 |
_2ddc _cLBS1 |
||
| 999 |
_c52535 _d52535 |
||